Statistiques concernant Sports dans les jeux Nintendo Sports

Cliquez ici pour prendre le quiz!

Statistiques générales

  • Ce quiz a été pris 428 fois
  • Le résultat moyen est 11 sur 18

Statistiques - réponses

Sports% Correct
Tennis
93%
Bowling
92%
Golf
82%
Boxe
81%
Football
80%
Basket-ball
75%
Tennis de table
71%
Baseball
67%
Volley-ball
57%
Tir à l'arc
54%
Cyclisme
53%
Sabre
47%
Jeux aériens
45%
Badminton
41%
Frisbee
31%
Wakeboard
31%
Canoë-kayak
30%
Motomarine
23%

Distribution des résultats

Percentile par nombre de réponses

% des personnes avec chaque résultat

Votre développement - résultats

Vous n’avez pas pris ce quiz